The Pritzker Prize Laureates in their own Words. Architect

Salvato in:
Dettagli Bibliografici
Altri autori: Peltason, Ruth (Redattore)
Natura: Libro
Lingua:inglese
Pubblicazione: London : Thames&Hudson, 2010
Soggetti:
Tags: Aggiungi Tag
Nessun Tag, puoi essere il primo ad aggiungerne!!

MARC

LEADER 00000nam a22000003a 4500
001 stu236913
005 20150617230121.0
008 111020s2010------------------------eng-d
020 |a 978-0-500-34265-7 
040 |a STU  |b slo 
041 0 |a eng 
100 1 |a Peltason, Ruth  |4 edt 
245 1 |a The Pritzker Prize Laureates in their own Words. Architect 
260 |a London :  |b Thames&Hudson,  |c 2010 
300 |a 376 s 
650 7 |a pritzker prize  |2 estusub 
650 7 |a architekti americkí  |2 stusub 
650 7 |a architekti európski  |2 stusub 
650 7 |a architekti japonskí  |2 stusub 
650 7 |a architektúra svetová  |2 stusub 
650 7 |a architektúra 20. storočia  |2 stusub 
650 7 |a cena Pritzer  |2 stusub 
996 |b 284AU04996  |c A*7714 U  |l AAKNST  |s P  |a 0  |w stu236913_0001